Statistics for Top 10 Washington Nationals of All-Time

Click here to take the quiz!

General Stats

  • This quiz has been taken 1,313 times
    (943 since last reset)
  • The average score is 6 of 10

Answer Stats

WARYearsPositionPlayer% Correct
32.62015-PMax Scherzer
95%
36.72010-PStephen Strasburg
93%
38.22005-1B/3BRyan Zimmerman
91%
32.72013-2B/3BAnthony Rendon
82%
33.81996-2003OFVladimir Guerrero
62%
53.81974-1984, 1992CGary Carter
51%
44.31976-1986OFAndre Dawson
38%
49.31979-1990OFTim Raines
33%
35.31980-19923BTim Wallach
15%
50.21973-1985PSteve Rogers
13%

Score Distribution

Percentile by Number Answered

Percent of People with Each Score

Your Score History

You have not taken this quiz since the last reset